Missing Word: 2000s TV Shows A-Z Quiz Stats

 Plays Quiz Updated Aug 27, 2014

Support Sporcle.
Go Orange.
Score 0/26 Timer 03:00
1 Play Today
Hint Answer % Correct
____ IdolAmerican
98.5%
____ I Met Your MotherHow
97.9%
____ BadBreaking
95.8%
Six Feet _____Under
95.6%
Arrested ____Development
92.4%
____ Tree HillOne
91.8%
CSI: Crime Scene ____Investigation
91.3%
____ of AnarchySons
89.9%
____ BloodTrue
84.8%
30 ____Rock
84.8%
Friday Night ____Lights
84.4%
____ /TuckNip
83.9%
____ Eye (for the Straight Guy)Queer
83.8%
Hint Answer % Correct
Curb your ____Enthusiasm
83.5%
It's Always Sunny in ____Philadelphia
83.4%
____ MenMad
82.5%
________ MarsVeronica
73.4%
Man vs. ____ Food
67.5%
____ League UnlimitedJustice
61.4%
Hard ____Knocks
51.1%
The Flight of the ____ Conchords
45.6%
_______ LinkWeakest
44.1%
____ GirlGossip
40.4%
On the Case with Paula ____Zahn
30.5%
Crank _______Yankers
29%
______: Renegade AngelXavier
9.7%

Today's Daily Dose

You're not logged in!

Compare scores with friends on all Sporcle quizzes.
OR
Log In

From the Vault

Russian History Figures Match-Up

by khands

Just don't confuse your imperialists with your communists.
Remove Ads.
Support Sporcle.
Get the best of Sporcle when you Go Orange. This ad-free experience offers more features, more stats, and more fun while also helping to support Sporcle. Thank you for becoming a member.

Show Comments

Extras

Top Quizzes Today


Score Distribution

Your Account Isn't Verified!

In order to create a playlist on Sporcle, you need to verify the email address you used during registration. Go to your Sporcle Settings to finish the process.

Report this User

Report this user for behavior that violates our Community Guidelines.

Details: